| 000 | 00407nam a2200169Ia 4500 | ||
|---|---|---|---|
| 008 | 230524s9999 xx 000 0 und d | ||
| 020 | _a8123916116 | ||
| 082 |
_a624.0684 _bGUP |
||
| 100 | _aRajiv Gupta | ||
| 245 | 0 | _aConstruction Planning and Technology | |
| 250 | _a2 | ||
| 260 |
_aNew Delhi _bCBS _c2014 |
||
| 300 | _a"viii,401p;" | ||
| 500 | _aQuantity Number: 2 | ||
| 650 | _aCivil | ||
| 942 | _cBK | ||
| 999 |
_c55327 _d55327 |
||